000 00388nam a2200157 i 4500
001 59996
003 ES-MaACL
005 20230906164133.0
007 t|
008 031031s1970 sp ||||1| cat d
100 1 _aErinska.
_947396
245 1 0 _aEquilibris /
_cErinska.
260 _aBarcelona :
_bDalmau,
_c[1970]
300 _a180 p. ;
_c19 cm.
852 _aES-MaACL
_jC-44874
_bR.73715
999 _c59996
_d59996